Virtual realty (Record no. 77376)

MARC details
000 -LEADER
fixed length control field 00987cab a2200193 4500
001 - CONTROL NUMBER
control field ##L134116
008 - FIXED-LENGTH DATA ELEMENTS--GENERAL INFORMATION
fixed length control field 060711n2006 000 0 eng u
035 ## - SYSTEM CONTROL NUMBER
System control number (Sirsi) u134116
041 0# - LANGUAGE CODE
Language code of text/sound track or separate title eng
100 1# - MAIN ENTRY--PERSONAL NAME
Personal name Tinworth, Adam
245 00 - TITLE STATEMENT
Title Virtual realty
260 ## - PUBLICATION, DISTRIBUTION, ETC.
Date of publication, distribution, etc. 2006
490 #0 - SERIES STATEMENT
Series statement Estates Gazette
Volume/sequential designation (0626) 1 July 2006, 70-72(3)
520 ## - SUMMARY, ETC.
Summary, etc. Looks at the future of property on screen: video brochures, interactive maps and images linked to data. Building information is coming to desktops in the form of photos, maps and plans, in vital colour and in detail, with the arrival of mapping products from Google and Microsoft. Focuses on the web-based property software produced by Scandinavian firm Pythagoras which holds information on properties in the form of maps embedded lease data.
590 ## - LOCAL NOTE (RLIN)
Local note IKA180706
651 #4 - SUBJECT ADDED ENTRY--GEOGRAPHIC NAME
Geographic name United Kingdom
Chronological subdivision
690 ## - LOCAL SUBJECT ADDED ENTRY--TOPICAL TERM (OCLC, RLIN)
Topical term or geographic name as entry element ENVIRONMENTAL AND LAND CONSULTANCY-GEOMATICS-GEOGRAPHIC INFORMATION SCIENCE-GEOGRAPHIC INFORMATION SYSTEMS
942 ## - ADDED ENTRY ELEMENTS (KOHA)
Suppress in OPAC 0
Holdings
Withdrawn status Lost status Source of classification or shelving scheme Damaged status Not for loan Home library Current library Shelving location Date acquired Total Checkouts Full call number Barcode Date last seen Copy number Price effective from Koha item type
    Dewey Decimal Classification     London London Journal article 11/07/2006   L134116 134116-1001 06/08/2019 1 06/08/2019 Journal article